[Event "4. ODEM U25 2007"]
[Site "Willingen GER"]
[Date "2007.05.27"]
[Round "2"]
[White "Thier, Simon"]
[Black "Natsidis, Christoph"]
[Result "1/2-1/2"]
[Termination "normal"]
[Board "1"]
[WhiteElo "1791"]
[BlackElo "2196"]
[PlyCount "61"]
[WhiteFideId "24601586"]
[BlackFideId "24601179"]
[EventCountry "GER"]
[EventRounds "9"]
[EventType "swiss"]
[EventDate "2007.05.26"]

1. d4 d5 2. c4 e6 3. Nc3 c6 4. Nf3 dxc4 5. e4 b5 6. a4 Bb4 7. Bd2 Nf6 8. axb5
Bxc3 9. bxc3 cxb5 10. Qc2 h6 11. Be2 Bb7 12. e5 Nd5 13. O-O O-O 14. Ne1 a6 15.
f4 f5 16. exf6 Qxf6 17. Bg4 Nc6 18. Nf3 b4 19. cxb4 c3 20. Bxc3 Ne3 21. Qb2 Qg6
22. Bxe6+ Qxe6 23. Rfe1 Ne7 24. Qf2 N7d5 25. Bd2 Nxf4 26. Rxe3 Qg6 27. Qg3 Qxg3
28. hxg3 Nd5 29. Re6 Rac8 30. Rae1 Rc2 31. Re8 1/2-1/2

[Event "4. ODEM U25 2007"]
[Site "Willingen GER"]
[Date "2007.05.27"]
[Round "2"]
[White "Englert, Fabian"]
[Black "Klebanov, Andrej"]
[Result "1-0"]
[Termination "normal"]
[Board "2"]
[WhiteElo "2084"]
[BlackElo "1834"]
[PlyCount "63"]
[WhiteFideId "24614467"]
[BlackFideId "24669989"]
[EventCountry "GER"]
[EventRounds "9"]
[EventType "swiss"]
[EventDate "2007.05.26"]

1. Nf3 d5 2. c4 e6 3. g3 Nf6 4. Bg2 Bd6 5. O-O c6 6. b3 e5 7. Bb2 e4 8. Nd4 h5
9. cxd5 cxd5 10. Nb5 h4 11. Bxf6 Qxf6 12. N1c3 hxg3 13. Nxd5 gxf2+ 14. Rxf2
Bxh2+ 15. Kf1 Qc6 16. Rc1 Qd7 17. Nbc7+ Kf8 18. Nxa8 Bg3 19. Nab6 axb6 20. Nxb6
Qd4 21. Rxc8+ Ke7 22. e3 Qd3+ 23. Re2 Rh6 24. Rc4 f5 25. Rd4 Qa6 26. Nd5+ Kf7
27. d3 Nc6 28. Nb4 Nxb4 29. Rxb4 Rh5 30. dxe4 Qh6 31. Qd5+ Kf8 32. Qd8+ 1-0

[Event "4. ODEM U25 2007"]
[Site "Willingen GER"]
[Date "2007.05.27"]
[Round "2"]
[White "Bart, Simon"]
[Black "Wagner, Florian"]
[Result "1/2-1/2"]
[Termination "normal"]
[Board "3"]
[WhiteElo "1939"]
[BlackElo "2140"]
[PlyCount "136"]
[WhiteFideId "24637327"]
[BlackFideId "4698118"]
[EventCountry "GER"]
[EventRounds "9"]
[EventType "swiss"]
[EventDate "2007.05.26"]

1. e4 c5 2. Nf3 Nc6 3. Bb5 e6 4. O-O Nge7 5. Nc3 a6 6. Bxc6 Nxc6 7. d4 cxd4 8.
Nxd4 Qc7 9. Re1 d6 10. Kh1 b5 11. Nd5 exd5 12. Nxc6 dxe4 13. Rxe4+ Be6 14. Qd5
Be7 15. Nxe7 Kxe7 16. Bf4 Qc5 17. Bg5+ Kd7 18. Qb7+ Qc7 19. Qxc7+ Kxc7 20. Rd4
Kc6 21. Rad1 d5 22. Kg1 Rhe8 23. f3 Ra7 24. Kf2 f6 25. Be3 Rae7 26. R4d2 a5 27.
Bd4 Bc8 28. Rc1 Ba6 29. c3 Re6 30. a3 R8e7 31. b4 a4 32. Rcd1 Re8 33. Bc5 Rd8
34. Re1 Bc8 35. Rde2 Rxe2+ 36. Rxe2 d4 37. cxd4 Kd5 38. Re3 Kc4 39. Ke2 Bf5 40.
Kd2 h5 41. Rc3+ Kd5 42. Bb6 Rc8 43. Rxc8 Bxc8 44. Kc3 Bf5 45. Bd8 Bb1 46. Be7
Ba2 47. Bf8 g6 48. Bg7 f5 49. Bf6 Bc4 50. h4 Bf1 51. g3 Be2 52. f4 Bc4 53. Be5
Ke4 54. Bf6 Bd5 55. Bg5 Kf3 56. Kb2 Kxg3 57. Kc3 Kf3 58. Kd3 Bc4+ 59. Kc3 Ke3
60. Bh6 Bd5 61. Bg5 Ke2 62. Bh6 Kd1 63. Kb2 Kd2 64. Bg5 Bb3 65. Bh6 Kd3 66. Bg5
Bd5 67. Bh6 g5 68. Bxg5 Kxd4 1/2-1/2

[Event "4. ODEM U25 2007"]
[Site "Willingen GER"]
[Date "2007.05.27"]
[Round "2"]
[White "Schlötzer, Waldemar"]
[Black "Blübaum, Bettina"]
[Result "1-0"]
[Termination "normal"]
[Board "4"]
[WhiteElo "2152"]
[BlackElo "1992"]
[PlyCount "51"]
[WhiteFideId "24602140"]
[BlackFideId "24637947"]
[EventCountry "GER"]
[EventRounds "9"]
[EventType "swiss"]
[EventDate "2007.05.26"]

1. d4 Nf6 2. c4 c5 3. dxc5 e6 4. Be3 Na6 5. Nc3 Nxc5 6. Nf3 b6 7. g3 Bb7 8. Bg2
Be7 9. O-O O-O 10. Rc1 d6 11. b4 Na6 12. a3 Nc7 13. Qa4 Ng4 14. Bf4 f5 15. Rfd1
Ne8 16. Nb5 Qd7 17. c5 d5 18. h3 Bc6 19. Nfd4 bxc5 20. Nxc6 Qxc6 21. hxg4 a6
22. Nc3 Qxa4 23. Nxa4 cxb4 24. axb4 Bxb4 25. gxf5 Rxf5 26. e4 1-0

[Event "4. ODEM U25 2007"]
[Site "Willingen GER"]
[Date "2007.05.27"]
[Round "2"]
[White "Orschulik, Nils"]
[Black "Billing, Christian"]
[Result "1-0"]
[Termination "normal"]
[Board "5"]
[WhiteElo "1753"]
[BlackElo "2118"]
[PlyCount "73"]
[WhiteFideId "24673013"]
[BlackFideId "4697294"]
[EventCountry "GER"]
[EventRounds "9"]
[EventType "swiss"]
[EventDate "2007.05.26"]

1. e4 d5 2. exd5 Qxd5 3. Nc3 Qa5 4. d4 c6 5. Bc4 Bf5 6. Bd2 e6 7. Nge2 Qc7 8.
Bf4 Bd6 9. Bxd6 Qxd6 10. Qd2 Nf6 11. f3 h5 12. Ng3 Bg6 13. Nge4 Nxe4 14. fxe4
Nd7 15. O-O-O b5 16. e5 Qb4 17. Bd3 Bxd3 18. Qxd3 Nb6 19. a3 Qe7 20. Qf3 Rc8
21. Ne4 Nc4 22. Qg3 Kf8 23. Rhf1 Rh6 24. Rd3 Kg8 25. Rf6 g6 26. Qg5 Rh7 27.
Rdf3 Rc7 28. Qg3 Rg7 29. Ng5 Qd8 30. Qf2 Re7 31. Nxf7 Rexf7 32. Rxf7 Qg5+ 33.
R7f4 c5 34. Kb1 cxd4 35. Qxd4 Qxg2 36. Qd8+ Kh7 37. Rf8 1-0

[Event "4. ODEM U25 2007"]
[Site "Willingen GER"]
[Date "2007.05.27"]
[Round "2"]
[White "Paniflenko, Wladimir"]
[Black "Linsenmeyer, Mario"]
[Result "0-1"]
[Termination "normal"]
[Board "6"]
[WhiteElo "1721"]
[BlackElo "2045"]
[PlyCount "52"]
[WhiteFideId "4658299"]
[BlackFideId "24635138"]
[EventCountry "GER"]
[EventRounds "9"]
[EventType "swiss"]
[EventDate "2007.05.26"]

1. d4 Nf6 2. c4 e5 3. dxe5 Ng4 4. Bf4 Nc6 5. Nf3 Bb4+ 6. Nbd2 Qe7 7. e3 Ngxe5
8. Be2 Nxf3+ 9. Bxf3 Ne5 10. Be2 d6 11. Qc2 Be6 12. Rd1 O-O 13. O-O a5 14. Ne4
f5 15. a3 fxe4 16. axb4 Bf5 17. Bxe5 dxe5 18. b5 Rf6 19. c5 Raf8 20. Rd5 Rh6
21. Rfd1 Qh4 22. Bc4 Be6 23. Rd7 Qxh2+ 24. Kf1 Qh1+ 25. Ke2 Rxf2+ 26. Kxf2 Rf6+
0-1

[Event "4. ODEM U25 2007"]
[Site "Willingen GER"]
[Date "2007.05.27"]
[Round "2"]
[White "Werner, Patrick"]
[Black "Schneider, Christian"]
[Result "1/2-1/2"]
[Termination "normal"]
[Board "8"]
[WhiteElo "1714"]
[BlackElo "2081"]
[PlyCount "79"]
[WhiteFideId "24601608"]
[BlackFideId "24613886"]
[EventCountry "GER"]
[EventRounds "9"]
[EventType "swiss"]
[EventDate "2007.05.26"]

1. e4 c6 2. d4 d5 3. e5 Bf5 4. Nc3 e6 5. g4 Bg6 6. Nge2 h6 7. Nf4 Bh7 8. Bd3
Bxd3 9. Qxd3 Ne7 10. h4 Qc7 11. Be3 Nd7 12. O-O-O O-O-O 13. Kb1 a6 14. Na4 b5
15. Nc5 Nxc5 16. dxc5 Qxe5 17. Ne2 Qc7 18. Qa3 Kb7 19. Bd2 Ra8 20. Ba5 Qc8 21.
Rh3 Ng6 22. f4 h5 23. g5 Be7 24. Qb4 Bd8 25. Bxd8 Rxd8 26. Rb3 Qc7 27. a4 Kc8
28. Re1 Rh8 29. Qc3 Rg8 30. Qf3 Nxh4 31. Qxh5 Ng6 32. Qf3 Rh8 33. f5 exf5 34.
Qxf5+ Qd7 35. Nd4 Qxf5 36. Nxf5 Kd7 37. Nxg7 Rag8 38. Nf5 Re8 39. Rf1 Ne5 40.
Nd6 1/2-1/2

[Event "4. ODEM U25 2007"]
[Site "Willingen GER"]
[Date "2007.05.27"]
[Round "2"]
[White "Demburg, Dimitrij"]
[Black "Hinz, Arne"]
[Result "1/2-1/2"]
[Termination "normal"]
[Board "9"]
[WhiteElo "2078"]
[BlackElo "1755"]
[PlyCount "84"]
[WhiteFideId "24632961"]
[BlackFideId "24634875"]
[EventCountry "GER"]
[EventRounds "9"]
[EventType "swiss"]
[EventDate "2007.05.26"]

1. e4 e5 2. Nc3 Nc6 3. g3 Nf6 4. Bg2 Bc5 5. Nge2 d6 6. O-O O-O 7. h3 Be6 8. Kh2
d5 9. exd5 Nxd5 10. Ne4 Bb6 11. d3 h6 12. f4 exf4 13. Nxf4 Ne3 14. Bxe3 Bxe3
15. c3 Bxf4 16. Rxf4 Ne5 17. Nc5 c6 18. Qe2 Ng6 19. Rb4 Qe7 20. Nxe6 fxe6 21.
Rg4 Rf6 22. Re1 Qf7 23. Kg1 Rf8 24. d4 Kh8 25. Rf1 Rxf1+ 26. Bxf1 Qf5 27. Bg2
Qf7 28. Re4 Ne7 29. Rf4 Qg8 30. Qf2 Rxf4 31. Qxf4 Nd5 32. Bxd5 exd5 33. Kf2 Qe6
34. g4 Kh7 35. h4 Qe7 36. h5 Qh4+ 37. Ke2 Qe7+ 38. Qe3 Qd7 39. Kf3 Qf7+ 40. Qf4
Kg8 41. Ke3 Qe7+ 42. Kf3 Qf7 1/2-1/2

[Event "4. ODEM U25 2007"]
[Site "Willingen GER"]
[Date "2007.05.27"]
[Round "2"]
[White "Wurm, Alexander"]
[Black "Yin, Zixiao"]
[Result "1-0"]
[Termination "normal"]
[Board "11"]
[WhiteElo "1983"]
[BlackElo "1932"]
[PlyCount "61"]
[WhiteFideId "24637246"]
[BlackFideId "24622729"]
[EventCountry "GER"]
[EventRounds "9"]
[EventType "swiss"]
[EventDate "2007.05.26"]

1. e4 a6 2. d4 b5 3. f4 e6 4. Nf3 Bb7 5. Bd3 Nf6 6. Qe2 Be7 7. O-O O-O 8. c3 d6
9. Nbd2 Nbd7 10. e5 Nd5 11. Ne4 h6 12. Bd2 N5b6 13. Rae1 Nc4 14. Bc1 Bd5 15.
Bb1 Re8 16. Ng3 f5 17. exf6 Bxf6 18. b3 Ncb6 19. Qd3 Nf8 20. Nh5 c5 21. dxc5
dxc5 22. Ne5 Bxe5 23. fxe5 Qh4 24. Nf4 c4 25. Qe3 cxb3 26. axb3 Qd8 27. Qg3 Ra7
28. Ng6 Nh7 29. Bxh6 gxh6 30. Ne7+ Kh8 31. Rf7 1-0

[Event "4. ODEM U25 2007"]
[Site "Willingen GER"]
[Date "2007.05.27"]
[Round "2"]
[White "Hentschel, Tobias"]
[Black "Geshnizjani, Ramin Tobias"]
[Result "1/2-1/2"]
[Termination "normal"]
[Board "12"]
[WhiteElo "1682"]
[BlackElo "2051"]
[PlyCount "81"]
[BlackFideId "24633089"]
[EventCountry "GER"]
[EventRounds "9"]
[EventType "swiss"]
[EventDate "2007.05.26"]

1. d4 Nf6 2. Nf3 c5 3. Nc3 cxd4 4. Nxd4 Nc6 5. e4 e6 6. Be3 Bb4 7. f3 O-O 8.
Bc4 d5 9. exd5 exd5 10. Be2 Re8 11. Bf2 Qe7 12. a3 Bxc3+ 13. bxc3 Nh5 14. Bg3
Nxg3 15. hxg3 Qg5 16. g4 Bd7 17. Qd2 Qe7 18. Kf2 Rac8 19. Bd3 h6 20. a4 Qc5 21.
Bb5 Nxd4 22. cxd4 Qxc2 23. Qxc2 Rxc2+ 24. Kg3 Bc6 25. Rhc1 Rxc1 26. Rxc1 Rc8
27. Kf4 f6 28. Rc5 Kf7 29. Bxc6 bxc6 30. Rc1 Ke6 31. Re1+ Kd6 32. Kf5 c5 33.
Re6+ Kd7 34. dxc5 Rxc5 35. Ra6 Rc7 36. Kf4 Kc8 37. Ra5 Rd7 38. Ke3 Kb7 39. Kd4
Kb6 40. Rc5 Rd6 41. Rb5+ 1/2-1/2

[Event "4. ODEM U25 2007"]
[Site "Willingen GER"]
[Date "2007.05.27"]
[Round "2"]
[White "Voss, Chantal"]
[Black "Seyrich, Maximilian"]
[Result "1-0"]
[Termination "normal"]
[Board "13"]
[WhiteElo "1665"]
[BlackElo "1895"]
[PlyCount "111"]
[WhiteFideId "4664906"]
[BlackFideId "24622427"]
[EventCountry "GER"]
[EventRounds "9"]
[EventType "swiss"]
[EventDate "2007.05.26"]

1. d4 Nf6 2. c4 e6 3. Nf3 b6 4. Nc3 Bb4 5. Bg5 Bb7 6. Qc2 h6 7. Bh4 c5 8. e3
O-O 9. a3 Ba5 10. Bd3 d5 11. cxd5 exd5 12. O-O Nbd7 13. Rac1 Rc8 14. Qb1 cxd4
15. Nxd4 Bxc3 16. bxc3 Ne5 17. Be2 Nc4 18. Qa2 Qe7 19. a4 Qe5 20. Bg3 Qe4 21.
Rfd1 Rfd8 22. Bd3 Qe8 23. Bf5 Nd7 24. Bh4 g5 25. Bg3 a6 26. Qe2 Qf8 27. h4 Qg7
28. f4 Rc5 29. Bxd7 Rxd7 30. Kf2 g4 31. Qc2 Nd6 32. Kg1 Ne4 33. Be1 Qg6 34. Nb3
Rcc7 35. Qd3 Nc5 36. Nxc5 bxc5 37. f5 Qf6 38. Bg3 Rc8 39. e4 Rcd8 40. e5 Qb6
41. Rb1 Qc6 42. Qe2 h5 43. a5 d4 44. c4 d3 45. Qd2 Qe4 46. Qg5+ Kf8 47. Rd2 Bc6
48. e6 fxe6 49. fxe6 Qxe6 50. Rf1+ Ke8 51. Rf6 Qxc4 52. Qg6+ Rf7 53. Re6+ Kf8
54. Qh6+ Rg7 55. Qf6+ Kg8 56. Qxd8+ 1-0

[Event "4. ODEM U25 2007"]
[Site "Willingen GER"]
[Date "2007.05.27"]
[Round "2"]
[White "Dietzen, Corinna"]
[Black "Schwarzat, Julian"]
[Result "1-0"]
[Termination "normal"]
[Board "14"]
[WhiteElo "1997"]
[BlackElo "1896"]
[PlyCount "47"]
[WhiteFideId "24621021"]
[BlackFideId "24675857"]
[EventCountry "GER"]
[EventRounds "9"]
[EventType "swiss"]
[EventDate "2007.05.26"]

1. e4 e5 2. Nf3 Nf6 3. Nxe5 d6 4. Nf3 Nxe4 5. Nc3 Nxc3 6. dxc3 Nc6 7. Bf4 Bf5
8. Qd2 Qd7 9. O-O-O O-O-O 10. Bb5 a6 11. Ba4 Bg4 12. Qd3 Bxf3 13. Qxf3 Be7 14.
Rhe1 Bf6 15. Rd3 Rhe8 16. Red1 Re7 17. c4 Qf5 18. Bxc6 bxc6 19. g4 Qc5 20. g5
Be5 21. Qg4+ Kb7 22. Be3 h5 23. Qh4 Qa5 24. Ra3 1-0

[Event "4. ODEM U25 2007"]
[Site "Willingen GER"]
[Date "2007.05.27"]
[Round "2"]
[White "Kahleys, Kevin"]
[Black "Högy, Kevin"]
[Result "0-1"]
[Termination "normal"]
[Board "15"]
[WhiteElo "1660"]
[BlackElo "2010"]
[PlyCount "64"]
[WhiteFideId "24669601"]
[BlackFideId "24647098"]
[EventCountry "GER"]
[EventRounds "9"]
[EventType "swiss"]
[EventDate "2007.05.26"]

1. d4 Nf6 2. c4 g6 3. Nc3 Bg7 4. g3 O-O 5. Bg2 d6 6. e4 e5 7. d5 Nfd7 8. Nge2
f5 9. O-O Nf6 10. Bg5 h6 11. Bxf6 Qxf6 12. f4 Qe7 13. Qc2 Nd7 14. Bh3 fxe4 15.
Nxe4 Nf6 16. Nxf6+ Rxf6 17. Bxc8 Rxc8 18. fxe5 Qxe5 19. Rxf6 Qxf6 20. Nf4 Qxb2
21. Qxb2 Bxb2 22. Rb1 Bd4+ 23. Kg2 g5 24. Ne6 Bb6 25. a4 a5 26. Kf3 Kf7 27. Ke4
Kg6 28. Rf1 Re8 29. g4 Re7 30. Rf5 Bc5 31. h3 Bb4 32. Rf8 Rxe6+ 0-1

[Event "4. ODEM U25 2007"]
[Site "Willingen GER"]
[Date "2007.05.27"]
[Round "2"]
[White "Tschlatscher, Thomas"]
[Black "Srokovskiy, Alexander"]
[Result "1-0"]
[Termination "normal"]
[Board "16"]
[WhiteElo "1936"]
[BlackElo "1760"]
[PlyCount "49"]
[WhiteFideId "24635863"]
[BlackFideId "24676330"]
[EventCountry "GER"]
[EventRounds "9"]
[EventType "swiss"]
[EventDate "2007.05.26"]

1. d4 d5 2. e4 dxe4 3. Bc4 Nf6 4. f3 exf3 5. Nxf3 Nc6 6. O-O Bg4 7. c3 e6 8.
Qe1 Bxf3 9. Rxf3 Nxd4 10. Rd3 Nc2 11. Rxd8+ Rxd8 12. Qe2 Bc5+ 13. Kf1 Nxa1 14.
b4 Bb6 15. Bb2 Nd5 16. Bxd5 Rxd5 17. g4 O-O 18. c4 Rd4 19. c5 Rxb4 20. cxb6
Rxb6 21. Nc3 Nb3 22. axb3 Rxb3 23. Ne4 f5 24. Nf6+ gxf6 25. Qxe6+ 1-0

[Event "4. ODEM U25 2007"]
[Site "Willingen GER"]
[Date "2007.05.27"]
[Round "2"]
[White "Wierum, Colin"]
[Black "Menzel, Michael"]
[Result "1-0"]
[Termination "normal"]
[Board "17"]
[WhiteElo "1650"]
[BlackElo "1930"]
[PlyCount "91"]
[WhiteFideId "24677981"]
[BlackFideId "4694732"]
[EventCountry "GER"]
[EventRounds "9"]
[EventType "swiss"]
[EventDate "2007.05.26"]

1. e4 c5 2. Nf3 d6 3. d4 cxd4 4. Nxd4 Nf6 5. Nc3 a6 6. Be3 b5 7. f3 Bb7 8. Qd2
e6 9. h4 Be7 10. h5 d5 11. e5 Nfd7 12. f4 Nc5 13. f5 b4 14. Nce2 Ne4 15. Qd3
Nd7 16. Bf4 Ndc5 17. Qh3 Qd7 18. Qg4 Rg8 19. Ng3 O-O-O 20. Nxe4 Nxe4 21. Bd3
Bc5 22. fxe6 fxe6 23. Be3 Rde8 24. O-O-O Qc7 25. Kb1 Qxe5 26. Nf3 Qc7 27. Bxe4
dxe4 28. Bf4 Qb6 29. Ne5 Re7 30. Nc4 Qc6 31. Nd6+ Bxd6 32. Rxd6 Qc4 33. Rhd1
Bc6 34. R1d4 Qc5 35. Bg5 Ree8 36. Rxe6 Kb7 37. Rdd6 Bd5 38. Rxe8 Rxe8 39. Qd7+
Qc7 40. Rxd5 Qxd7 41. Rxd7+ Kc6 42. Rxg7 e3 43. Re7 Rg8 44. Bxe3 Rxg2 45. Rxh7
Re2 46. Bc1 1-0

[Event "4. ODEM U25 2007"]
[Site "Willingen GER"]
[Date "2007.05.27"]
[Round "2"]
[White "Jahncke, Giso"]
[Black "Heider, Dirk"]
[Result "1-0"]
[Termination "normal"]
[Board "18"]
[WhiteElo "1992"]
[BlackElo "1862"]
[PlyCount "57"]
[WhiteFideId "24608289"]
[BlackFideId "24668370"]
[EventCountry "GER"]
[EventRounds "9"]
[EventType "swiss"]
[EventDate "2007.05.26"]

1. e4 e5 2. Nf3 Nc6 3. Bb5 Bc5 4. Nxe5 Bxf2+ 5. Kxf2 Nxe5 6. d4 Ng6 7. Rf1 N8e7
8. Kg1 O-O 9. Qh5 d6 10. Nc3 c6 11. Bd3 Be6 12. Be3 Qd7 13. h3 f5 14. d5 Bf7
15. dxc6 bxc6 16. exf5 Ne5 17. Qg5 h6 18. Qf4 Nxd3 19. cxd3 Bd5 20. g4 a6 21.
Rae1 c5 22. Qg3 Bb7 23. Bf4 Rad8 24. Re6 Nc8 25. Rg6 Kf7 26. g5 h5 27. Ne4 Bxe4
28. dxe4 c4 29. Qc3 1-0

[Event "4. ODEM U25 2007"]
[Site "Willingen GER"]
[Date "2007.05.27"]
[Round "2"]
[White "Billing, Alexander"]
[Black "Graudons, Karsten"]
[Result "1-0"]
[Termination "normal"]
[Board "19"]
[WhiteElo "1809"]
[BlackElo "2041"]
[PlyCount "61"]
[WhiteFideId "24624420"]
[BlackFideId "4690230"]
[EventCountry "GER"]
[EventRounds "9"]
[EventType "swiss"]
[EventDate "2007.05.26"]

1. e4 e6 2. d3 d5 3. Nd2 Nf6 4. Ngf3 c5 5. g3 Be7 6. Bg2 O-O 7. O-O Nc6 8. e5
Nd7 9. Re1 Qc7 10. Qe2 Nb4 11. Nf1 c4 12. d4 b5 13. Ne3 a5 14. Ng4 Nc6 15. Bf4
Qa7 16. Qd2 b4 17. c3 a4 18. Bh6 bxc3 19. bxc3 gxh6 20. Qxh6 Kh8 21. Nf6 Bxf6
22. exf6 Rg8 23. Ng5 Nf8 24. Bxd5 exd5 25. Re7 Nd8 26. Re8 Nde6 27. Re1 Nxg5
28. Qg7+ Rxg7 29. Rxf8+ Rg8 30. Rxg8+ Kxg8 31. Re8# 1-0

[Event "4. ODEM U25 2007"]
[Site "Willingen GER"]
[Date "2007.05.27"]
[Round "2"]
[White "Frey, Claudia"]
[Black "Bergner, Philipp"]
[Result "1/2-1/2"]
[Termination "normal"]
[Board "20"]
[WhiteElo "1906"]
[BlackElo "1713"]
[PlyCount "55"]
[WhiteFideId "24614513"]
[BlackFideId "24664839"]
[EventCountry "GER"]
[EventRounds "9"]
[EventType "swiss"]
[EventDate "2007.05.26"]

1. e4 c5 2. Nc3 Nc6 3. g3 g6 4. Bg2 Bg7 5. d3 d6 6. Be3 e5 7. Qd2 Nd4 8. Nce2
Ne7 9. c3 Nxe2 10. Nxe2 O-O 11. O-O Be6 12. f4 Qc8 13. Kh1 d5 14. fxe5 dxe4 15.
d4 Bh3 16. Bxh3 Qxh3 17. Rf4 cxd4 18. cxd4 f6 19. exf6 Rxf6 20. Rxe4 Rf1+ 21.
Rxf1 Qxf1+ 22. Ng1 Nd5 23. Bf4 Qc4 24. Qe2 Qxe2 25. Nxe2 Nxf4 26. Nxf4 Rc8 27.
Kg2 Rc4 28. b3 1/2-1/2

[Event "4. ODEM U25 2007"]
[Site "Willingen GER"]
[Date "2007.05.27"]
[Round "2"]
[White "Wisheckel, Florian"]
[Black "Eidner, Falk"]
[Result "0-1"]
[Termination "normal"]
[Board "21"]
[WhiteElo "1621"]
[BlackElo "1951"]
[PlyCount "50"]
[WhiteFideId "24678090"]
[BlackFideId "24634557"]
[EventCountry "GER"]
[EventRounds "9"]
[EventType "swiss"]
[EventDate "2007.05.26"]

1. e4 e5 2. Nf3 Nc6 3. Nc3 Nf6 4. d3 Bc5 5. Be2 d6 6. O-O Be6 7. Be3 Bb6 8. d4
exd4 9. Nxd4 Nxd4 10. Bxd4 Bxd4 11. Qxd4 a6 12. Rad1 Qe7 13. Nd5 Bxd5 14. exd5
O-O 15. Rfe1 Qd7 16. Rd3 Rae8 17. Qc3 Ne4 18. Qd4 f5 19. Bf3 Re5 20. Rde3 Qb5
21. Bxe4 fxe4 22. c4 Qa5 23. a3 Rfe8 24. Rxe4 Qxe1+ 25. Rxe1 Rxe1# 0-1

[Event "4. ODEM U25 2007"]
[Site "Willingen GER"]
[Date "2007.05.27"]
[Round "2"]
[White "Kyas, Marcel"]
[Black "Frey, Nicole"]
[Result "1-0"]
[Termination "normal"]
[Board "22"]
[WhiteElo "1932"]
[BlackElo "1790"]
[PlyCount "59"]
[WhiteFideId "24642037"]
[BlackFideId "4690176"]
[EventCountry "GER"]
[EventRounds "9"]
[EventType "swiss"]
[EventDate "2007.05.26"]

1. e4 e5 2. Nf3 Nf6 3. Nxe5 d6 4. Nf3 Nxe4 5. Nc3 Nf6 6. d4 c6 7. Bg5 Be7 8.
Bd3 O-O 9. Qd2 Be6 10. O-O-O Nbd7 11. h4 Nd5 12. Ne4 Bg4 13. Nxd6 N7f6 14. Nf5
Bxf5 15. Bxf5 Qb6 16. Bxf6 Bxf6 17. Ng5 g6 18. Be4 Rfd8 19. c3 a5 20. h5 Rd7
21. hxg6 fxg6 22. Rh3 Qd8 23. Nf3 Nb6 24. Qc2 Bg5+ 25. Kb1 c5 26. Nxg5 Qxg5 27.
Qb3+ Nd5 28. dxc5 Rad8 29. Rhd3 a4 30. Qc4 1-0

[Event "4. ODEM U25 2007"]
[Site "Willingen GER"]
[Date "2007.05.27"]
[Round "2"]
[White "Voss, Julian"]
[Black "Sieker, Roland"]
[Result "1-0"]
[Termination "normal"]
[Board "23"]
[WhiteElo "1607"]
[BlackElo "2014"]
[PlyCount "81"]
[BlackFideId "24600261"]
[EventCountry "GER"]
[EventRounds "9"]
[EventType "swiss"]
[EventDate "2007.05.26"]

1. e4 c5 2. Nf3 d6 3. d4 cxd4 4. Nxd4 Nf6 5. Nc3 g6 6. Be3 Bg7 7. Bc4 Nc6 8.
Qd2 Bd7 9. O-O-O a6 10. Bh6 Bxh6 11. Qxh6 b5 12. Bb3 Qb6 13. Qg7 Rf8 14. Nxc6
Bxc6 15. Nd5 Bxd5 16. exd5 Rg8 17. Qh6 g5 18. Rhe1 Rg6 19. Qh3 a5 20. a4 b4 21.
Re2 Kf8 22. Rde1 Ra7 23. Qc8+ Kg7 24. Qf5 Ng8 25. f4 Nh6 26. Qe4 gxf4 27. Qxf4
Rg4 28. Qf3 Qd4 29. h3 Rf4 30. Qg3+ Kf6 31. Rd1 Nf5 32. Rxd4 Rf1+ 33. Re1 Nxg3
34. Rxf1+ Ke5 35. Rdd1 Nxf1 36. Rxf1 f5 37. Re1+ Kf6 38. Bc4 Ra8 39. Re6+ Kf7
40. Be2 Rg8 41. Bf3 1-0

[Event "4. ODEM U25 2007"]
[Site "Willingen GER"]
[Date "2007.05.27"]
[Round "2"]
[White "Melzner, Lukas"]
[Black "Janiesch, Maike"]
[Result "1/2-1/2"]
[Termination "normal"]
[Board "24"]
[WhiteElo "2007"]
[BlackElo "1575"]
[PlyCount "65"]
[EventCountry "GER"]
[EventRounds "9"]
[EventType "swiss"]
[EventDate "2007.05.26"]

1. c4 Nf6 2. Nc3 g6 3. g3 Bg7 4. Bg2 d6 5. Nf3 O-O 6. O-O e5 7. d3 c6 8. Rb1
Na6 9. b4 Nc7 10. b5 Bd7 11. Bg5 Qe7 12. b6 Ne6 13. bxa7 Nxg5 14. Nxg5 Rxa7 15.
Rb6 Ng4 16. Nf3 f5 17. Qb3 Bc8 18. c5+ d5 19. e4 Kh8 20. exd5 Qxc5 21. Rb4 e4
22. Rc4 Qa3 23. dxe4 Qxb3 24. axb3 Bxc3 25. Rxc3 fxe4 26. Ng5 cxd5 27. Rfc1 Bd7
28. Rc7 Nf6 29. Bh3 Bxh3 30. Nxh3 d4 31. Ng5 d3 32. Nf7+ Kg8 33. Nh6+ 1/2-1/2

[Event "4. ODEM U25 2007"]
[Site "Willingen GER"]
[Date "2007.05.27"]
[Round "2"]
[White "Wittke, Rene"]
[Black "Thanabalasingam, Ajandhan"]
[Result "1-0"]
[Termination "normal"]
[Board "26"]
[WhiteElo "1910"]
[BlackElo "1649"]
[PlyCount "95"]
[WhiteFideId "24640255"]
[BlackFideId "24601659"]
[EventCountry "GER"]
[EventRounds "9"]
[EventType "swiss"]
[EventDate "2007.05.26"]

1. e4 c5 2. Nc3 a6 3. g3 b5 4. Bg2 Bb7 5. d3 d6 6. Be3 e6 7. f4 Be7 8. Nf3 Nf6
9. h3 h5 10. O-O Nc6 11. Qd2 Qc7 12. Rae1 O-O-O 13. Ng5 Rdf8 14. Qf2 Nd7 15. h4
Bxg5 16. hxg5 b4 17. Nd1 f6 18. gxf6 Nxf6 19. Bh3 Qe7 20. e5 Nd7 21. exd6 Qxd6
22. Qe2 g5 23. Bf2 gxf4 24. Qxe6 Qxe6 25. Rxe6 fxg3 26. Bxc5 Rxf1+ 27. Kxf1 Rh7
28. Ne3 Rf7+ 29. Kg1 Nd8 30. Re8 Kc7 31. Bxb4 Nb6 32. Ba5 Rf2 33. Bxb6+ Kxb6
34. Rxd8 Re2 35. Nc4+ Ka7 36. Rg8 h4 37. Kf1 Rh2 38. Be6 g2+ 39. Kf2 Rh1 40.
Rxg2 Bxg2 41. Kxg2 Re1 42. Bg4 Re7 43. Kh3 Rh7 44. Ne5 Kb6 45. c3 Kc5 46. Bf3
Re7 47. Kxh4 a5 48. d4+ 1-0

[Event "4. ODEM U25 2007"]
[Site "Willingen GER"]
[Date "2007.05.27"]
[Round "2"]
[White "Rittemann, Steffen"]
[Black "Zimmerer, David"]
[Result "1-0"]
[Termination "normal"]
[Board "27"]
[WhiteElo "2072"]
[BlackElo "1634"]
[PlyCount "53"]
[WhiteFideId "24620009"]
[BlackFideId "4620224"]
[EventCountry "GER"]
[EventRounds "9"]
[EventType "swiss"]
[EventDate "2007.05.26"]

1. e4 c5 2. Nf3 Nc6 3. c3 d5 4. exd5 Qxd5 5. d4 e6 6. Be2 Nf6 7. O-O Be7 8. Na3
O-O 9. Nb5 Qd7 10. Bf4 Nd5 11. Bg3 a6 12. c4 axb5 13. cxd5 Qxd5 14. dxc5 Qxc5
15. Qb3 b4 16. Rfc1 Nd4 17. Nxd4 Qxd4 18. Rc4 Qf6 19. Bh4 g5 20. Bxg5 Qe5 21.
Bxe7 Re8 22. Qxb4 b5 23. Rg4+ Kh8 24. Qe4 Qxb2 25. Rb1 Bb7 26. Rxb2 Bxe4 27.
Bf6# 1-0